Statistics for Desperate Housewives Cast members

Click here to take the quiz!

General Stats

  • This quiz has been taken 38 times
  • The average score is 10 of 49

Answer Stats

Hint Answer % Correct
Gabrielle SolisEva Longoria
97%
Bree Van de KampMarcia Cross
91%
Lynette ScavoFelicity Huffman
88%
Susan DelfinoTeri Hatcher
84%
Mary Alice YoungBrenda Strong
50%
Renee PerryVanessa Williams
44%
Katherine MayfairDana Delany
44%
Tom ScavoDoug Savant
44%
Edie BrittNicollette Sheridan
38%
Mike DelfinoJames Denton
38%
Orson HodgeKyle MacLachlan
31%
Julie MayerAndrea Bowen
31%
John RowlandJesse Metcalfe
28%
Andrew Van de KampShawn Pyfrom
28%
Karen McCluskyKathryn Joosten
25%
Paul YoungMark Moses
25%
Danielle Van de KampJoy Lauren
22%
Betty ApplewhiteAlfre Woodard
19%
Juanita SolisMadison De la Garza
19%
Carlos SolisRicardo Antonio Chavira
16%
(Older) Porter ScavoCharlie Carver
16%
(Older) Preston ScavoMax Carver
16%
Rex Van de KampSteven Culp
16%
Karl MayerRichard Burgi
9%
Keith WatsonBrian Austin Green
9%
Zach YoungCody Kasch
6%
(Younger) Parker ScavoZane Huett
6%
(Younger) Porter ScavoBrent Kinsman
6%
Angie BolenDrea de Mateo
6%
Ana SolisMaiara Walsh
6%
Austin McCannJosh Henderson
6%
Ian HainsworthDougray Scott
6%
Ben FaulknerCharles Mesure
3%
Penny ScavoDarcy Rose Byrnes
3%
Kayla HuntingtonRachel Fox
3%
(Younger) Preston ScavoShane Kinsman
3%
Caleb ApplewhiteNaShawn Kearse
3%
Chuck VanceJohnathon Cake
3%
Victor LangJohn Slattery
0%
KellyCrystal Allen
0%
Matthew ApplewhiteMehcad Brooks
0%
Dylan MayfairLyndsy Fonseca
0%
Dave WilliamsNeal McDonough
0%
Bob HunterTuc Watkins
0%
Travers McLainJake Cherry
0%
MJ DelfinoMason Vale Cotton
0%
Celia SolisDaniella Baltodano
0%
Nick BolenJeffrey Nordling
0%
Lee McDermottKevin Rahm
0%

Score Distribution

Percentile by Number Answered

Percent of People with Each Score

Your Score History

You have not taken this quiz